Music Quiz

Random Music or Artist Quiz

Can you name my favorite picture of artist Quiz Stats

Quiz not verified by Sporcle

Also try: Mariah Carey Songs
Challenge
Share
Tweet
Score 0/20 Timer 10:00
0 Plays Today
% Correct
Joy
100%
Mimi
100%
Dean
100%
Jihyo
100%
Jay park
100%
Bora
100%
Yeri
66.7%
Chaeyeon
66.7%
Sooyoung
66.7%
Lee sung kyung
66.7%
% Correct
Yura
66.7%
Byungchan
66.7%
Edawn
66.7%
Junho
66.7%
Heize
66.7%
Hyeri
33.3%
Rowoon
33.3%
Ku hye sun
33.3%
Ahn jae hyun
33.3%
Kim lip
0%

You're not logged in!

Compare scores with friends on all Sporcle quizzes.
Join for Free
OR
Log In

You Might Also Like...

Show Comments

Extras

Top Quizzes Today


Score Distribution

Your Account Isn't Verified!

In order to create a playlist on Sporcle, you need to verify the email address you used during registration. Go to your Sporcle Settings to finish the process.

Report this User

Report this user for behavior that violates our Community Guidelines.

Details: